<?xml version="1.0" encoding="UTF-8"?><?xml-stylesheet type="text/xsl" href="static/style.xsl"?><OAI-PMH xmlns="http://www.openarchives.org/OAI/2.0/" xmlns:xsi="http://www.w3.org/2001/XMLSchema-instance" xsi:schemaLocation="http://www.openarchives.org/OAI/2.0/ http://www.openarchives.org/OAI/2.0/OAI-PMH.xsd"><responseDate>2026-04-14T06:23:00Z</responseDate><request verb="GetRecord" identifier="oai:www.recercat.cat:2099.1/13857" metadataPrefix="marc">https://recercat.cat/oai/request</request><GetRecord><record><header><identifier>oai:recercat.cat:2099.1/13857</identifier><datestamp>2025-07-23T01:33:13Z</datestamp><setSpec>com_2072_1033</setSpec><setSpec>col_2072_452951</setSpec></header><metadata><record xmlns="http://www.loc.gov/MARC21/slim" xmlns:dcterms="http://purl.org/dc/terms/" xmlns:xsi="http://www.w3.org/2001/XMLSchema-instance" xmlns:doc="http://www.lyncode.com/xoai" xsi:schemaLocation="http://www.loc.gov/MARC21/slim http://www.loc.gov/standards/marcxml/schema/MARC21slim.xsd">
   <leader>00925njm 22002777a 4500</leader>
   <datafield ind2=" " ind1=" " tag="042">
      <subfield code="a">dc</subfield>
   </datafield>
   <datafield ind2=" " ind1=" " tag="720">
      <subfield code="a">Elies Henar, Francesc</subfield>
      <subfield code="e">author</subfield>
   </datafield>
   <datafield ind2=" " ind1=" " tag="260">
      <subfield code="c">2011-11-09</subfield>
   </datafield>
   <datafield ind2=" " ind1=" " tag="520">
      <subfield code="a">This work will focus on improving the Kalman filter by use of an extended measurement model [Kaipio et Somersalo, 1999] which introduces spatial regularization terms into the filter. This model has been applied in solvers of the inverse problem of electrical impedance tomography [Hiltunen et al., 2010], though this tomography inverse problem is non-linear, it is mathematically very similar to the imaging of electric sources in the heart.</subfield>
   </datafield>
   <datafield ind2=" " ind1=" " tag="520">
      <subfield code="a">Trabajo trata sobre la mejora de un filtro de Kalman usando un modelo de medida extendido [Kaipio et Somersalo, 1999] que introduce regularización espacial al filtro de Kalman. Este modelo ha sido aplicado con éxito en otros campos [Hiltunen et al., 2010] para resover por ejemplo el problema inverso de tomografia, problema matemáticamente muy similar a la visualización de potenciales en el corazón.</subfield>
   </datafield>
   <datafield ind2=" " ind1=" " tag="520">
      <subfield code="a">Aquest treball es tracta de millorar el filtre de kalman per usant un model de mesura extès [Kaipio et Somersalo, 1999] que introdueix regularització espacial al kalman filter. Aquest model ha sigut aplicat amb èxit en altres camps [Hiltunen et al., 2010] per tal de resildre el problema invers de tomografia, problema similar a la visualitzación dels potencials del cor.</subfield>
   </datafield>
   <datafield tag="653" ind2=" " ind1=" ">
      <subfield code="a">kalman filter</subfield>
   </datafield>
   <datafield tag="653" ind2=" " ind1=" ">
      <subfield code="a">augmented mesurement model</subfield>
   </datafield>
   <datafield tag="653" ind2=" " ind1=" ">
      <subfield code="a">cardiac imaging</subfield>
   </datafield>
   <datafield tag="653" ind2=" " ind1=" ">
      <subfield code="a">signal processing</subfield>
   </datafield>
   <datafield tag="653" ind2=" " ind1=" ">
      <subfield code="a">Echocardiography</subfield>
   </datafield>
   <datafield tag="653" ind2=" " ind1=" ">
      <subfield code="a">Filtro Kalman</subfield>
   </datafield>
   <datafield tag="653" ind2=" " ind1=" ">
      <subfield code="a">Kalman</subfield>
   </datafield>
   <datafield tag="653" ind2=" " ind1=" ">
      <subfield code="a">Modelo de medida aumentado</subfield>
   </datafield>
   <datafield tag="653" ind2=" " ind1=" ">
      <subfield code="a">electrocardiograma</subfield>
   </datafield>
   <datafield tag="653" ind2=" " ind1=" ">
      <subfield code="a">procesado de señal</subfield>
   </datafield>
   <datafield tag="653" ind2=" " ind1=" ">
      <subfield code="a">Control de processos -- PFC</subfield>
   </datafield>
   <datafield tag="653" ind2=" " ind1=" ">
      <subfield code="a">Electrocardiografia -- PFC</subfield>
   </datafield>
   <datafield tag="653" ind2=" " ind1=" ">
      <subfield code="a">Filtres de Kalman -- PFC</subfield>
   </datafield>
   <datafield tag="653" ind2=" " ind1=" ">
      <subfield code="a">Kalman</subfield>
   </datafield>
   <datafield tag="653" ind2=" " ind1=" ">
      <subfield code="a">Filtratge de -- PFC</subfield>
   </datafield>
   <datafield tag="653" ind2=" " ind1=" ">
      <subfield code="a">Processament digital del senyal -- PFC</subfield>
   </datafield>
   <datafield ind2="0" ind1="0" tag="245">
      <subfield code="a">Application of a Kalman Filter with Augmented Measurement Model in Non-Invasive Cardiac Imaging</subfield>
   </datafield>
   <datafield ind2="0" ind1="0" tag="245">
      <subfield code="a">Application of a Kalman Filter with Augmented Measurement Model in Non-Invasive Cardiac Imaging Creación de un filtro de Kalman con un modelo de medida aumentado aplicado a técnicas no invasivas de visualización de actividad cardíaca Creació d'un filtre de Kalman amb un Model de Mesura Augmentat aplicat a tècniques no invasives de visualitzación d'activitat cardíaca</subfield>
   </datafield>
</record></metadata></record></GetRecord></OAI-PMH>